<?xml version="1.0" encoding="UTF-8"?>
<record
    xmlns:xsi="http://www.w3.org/2001/XMLSchema-instance"
    xsi:schemaLocation="http://www.loc.gov/MARC21/slim http://www.loc.gov/standards/marcxml/schema/MARC21slim.xsd"
    xmlns="http://www.loc.gov/MARC21/slim">

  <leader>01435nam a22003017a 4500</leader>
  <controlfield tag="003">OSt</controlfield>
  <controlfield tag="005">20260122040909.0</controlfield>
  <controlfield tag="008">260122b           ||||| |||| 00| 0 eng d</controlfield>
  <datafield tag="040" ind1=" " ind2=" ">
    <subfield code="b">English.</subfield>
    <subfield code="c">CvSU-CCAT Campus Library.</subfield>
    <subfield code="e">rda.</subfield>
  </datafield>
  <datafield tag="050" ind1=" " ind2=" ">
    <subfield code="a">UM HF 5429.215</subfield>
    <subfield code="b">C35 2023</subfield>
  </datafield>
  <datafield tag="100" ind1=" " ind2=" ">
    <subfield code="a">Calim, Erica O., author.</subfield>
    <subfield code="9">18183</subfield>
  </datafield>
  <datafield tag="245" ind1=" " ind2=" ">
    <subfield code="a">Assessing the organizational climate of retails stores in selected areas of Cavite : focus on employees' perspectives /</subfield>
    <subfield code="c">Erica O. Calim, Mairo Marcus C. Licono, Owen Edric R. Ruplo.</subfield>
  </datafield>
  <datafield tag="260" ind1=" " ind2=" ">
    <subfield code="a">Rosario, Cavite :</subfield>
    <subfield code="b">Cavite State University-CCAT Campus,</subfield>
    <subfield code="c">2023.</subfield>
  </datafield>
  <datafield tag="300" ind1=" " ind2=" ">
    <subfield code="a">xvii, 163 leaves :</subfield>
    <subfield code="b">illustrations ;</subfield>
    <subfield code="c">28 cm</subfield>
  </datafield>
  <datafield tag="500" ind1=" " ind2=" ">
    <subfield code="a">Undergraduate Thesis (BSBM) -- Cavite State University-CCAT Campus, 2023.</subfield>
  </datafield>
  <datafield tag="504" ind1=" " ind2=" ">
    <subfield code="a">Includes bibliographical references and appendices.</subfield>
  </datafield>
  <datafield tag="546" ind1=" " ind2=" ">
    <subfield code="a">In English text</subfield>
  </datafield>
  <datafield tag="650" ind1=" " ind2=" ">
    <subfield code="a">Organizational climate -- Philippines -- Cavite.</subfield>
    <subfield code="9">18184</subfield>
  </datafield>
  <datafield tag="650" ind1=" " ind2=" ">
    <subfield code="a">Retail trade -- Employees -- Philippines -- Cavite.</subfield>
    <subfield code="9">18185</subfield>
  </datafield>
  <datafield tag="650" ind1=" " ind2=" ">
    <subfield code="a">Organizational behavior -- Philippines.</subfield>
    <subfield code="9">18029</subfield>
  </datafield>
  <datafield tag="650" ind1=" " ind2=" ">
    <subfield code="a">Employee attitudes -- Philippines -- Cavite.</subfield>
    <subfield code="9">18186</subfield>
  </datafield>
  <datafield tag="700" ind1=" " ind2=" ">
    <subfield code="a">Licono, Mairo Marcus C., author.</subfield>
    <subfield code="9">18187</subfield>
  </datafield>
  <datafield tag="700" ind1=" " ind2=" ">
    <subfield code="a">Ruplo, Owen Edric R., author.</subfield>
    <subfield code="9">18188</subfield>
  </datafield>
  <datafield tag="700" ind1=" " ind2=" ">
    <subfield code="a">Abug, Nerisa B., adviser.</subfield>
    <subfield code="9">6938</subfield>
  </datafield>
  <datafield tag="700" ind1=" " ind2=" ">
    <subfield code="a">Ambas, Arman M., technical critic.</subfield>
    <subfield code="9">6668</subfield>
  </datafield>
  <datafield tag="942" ind1=" " ind2=" ">
    <subfield code="2">lcc</subfield>
    <subfield code="c">T/M/D</subfield>
    <subfield code="h">HF 5429.215 C35 2023</subfield>
    <subfield code="k">UM</subfield>
  </datafield>
  <datafield tag="999" ind1=" " ind2=" ">
    <subfield code="c">4609</subfield>
    <subfield code="d">4609</subfield>
  </datafield>
  <datafield tag="952" ind1=" " ind2=" ">
    <subfield code="0">0</subfield>
    <subfield code="1">0</subfield>
    <subfield code="2">lcc</subfield>
    <subfield code="4">0</subfield>
    <subfield code="7">0</subfield>
    <subfield code="8">UM</subfield>
    <subfield code="a">CCATLIB</subfield>
    <subfield code="b">CCATLIB</subfield>
    <subfield code="c">TH</subfield>
    <subfield code="d">2025-09-24</subfield>
    <subfield code="f">UM</subfield>
    <subfield code="l">0</subfield>
    <subfield code="o">UM HF 5429.215 C35 2023</subfield>
    <subfield code="p">T0005465</subfield>
    <subfield code="r">2026-01-22 00:00:00</subfield>
    <subfield code="t">1</subfield>
    <subfield code="w">2026-01-22</subfield>
    <subfield code="y">T/M/D</subfield>
  </datafield>
</record>
